000 00494ntaaa2200181 4500
003 01
005 20251027202613.0
008 0714s1973 ag 01
040 _aAR-BaBN
_bspa
_cAR-BaBN
_eaacr
_dRIC
082 _a345.0000 G88
100 _aGriswold, Erwin N
_925286
245 _aEl derecho y el abogado en los Estados Unidos
250 _a1 ed.
260 _aMéxico :
_bEditorial Letras,
_cc1964, c1968
300 _a173 p
500 _aTensiones que afectan el derecho común
942 _cBK
999 _c21163
_d21163